• 首页
  • 本馆介绍
  • 公告通知
  • 最新文献
  • 馆藏检索
  • 电子资源
  • 读者导购
  • 参考咨询
  • 我的图书馆
  • 登录
  • 详细信息显示
  • 放入我的书架
  • 预约/预借图书
  • 作者相关作品
  • 分类相关作品
  • 丛书相关作品
  • 出版社相关作品

书目信息

  • 表格格式
  • 工作单格式
  • 卡片格式
题名:
涟漪效应
    
 
作者: 施瓦茨 著 ;晏和淘 , 宋丽 , 邱墨楠 译
分册:  
出版信息: 北京   中信出版社  2016
页数: 229页
开本: 23cm
丛书名:
单 册:
中图分类: D57
科图分类:
主题词: 企业家--qi ye jia--慈善事业--案例--世界
电子资源:
ISBN: 978-7-5086-6347-0
000 02825nam0 2200301 450
001 1663398453
005 20160718110826.8
010    @a978-7-5086-6347-0@dCNY49.00
100    @a20160713d2016 em y0chiy50 ea
101 1  @achi@ceng
102    @aCN@b110000
105    @ay z 000yy
106    @ar
200 1  @a涟漪效应@Alian yi xiao ying@e以商业思维做社会公益的18个世界经典案例@f(美) 贝弗利·施瓦茨著@d= Rippling@ehow social entrepreneurs spread innovation throughout the world@fBeverly Schwartz@g晏和淘, 宋丽, 邱墨楠译@zeng
210    @a北京@c中信出版社@d2016
215    @a229页@d23cm
330    @a用18个来自世界各地的真实故事告诉社会企业家应如何用商业思维做好公益。Rippling是泛起涟漪的意思,在这本书里它比喻那些社会企业家通过创新解决社会问题,以泛起涟漪的效应去影响和改善这个世界。本书介绍了18个社会企业家的故事,他们来自德国、印度、丹麦、美国、秘鲁等国,他们解决社会环境问题的系统变革模式被分为五大类,包括重构行业规范;改变市场活力;运用市场手段创造社会价值;推进完整公民及;培养同理心。重构行业规范意味着打破行业惯例、传统观念等,这一部分讲述了4个社会企业家的故事。比如,Pradip Kumar Sarmah是印度农村发展中心的执行主任,他察觉到人力车夫的生存状态是一个在印度被忽视的问题,他创办了人力车银行,致力于帮助数以千计的人力车夫提高社会地位,他通过帮助人力车夫获得人力车的所有权,获得银行贷款资质及保险,以帮助他们及家人走出贫困,获得更好的机会和尊重。全世界有数以亿计的人无法逃脱贫困。改变市场活力意味着为弱势群体提供获得生活用品、服务及信息的机会,提高他们的收入等,这一部分讲述了3个社会企业家的故事。比如,Greg Van Kirk通过微型寄售模式创建了一个经济安全和可持续的系统,赋权社区里的居民成为小企业主,为他们所归属的弱势群体提供服务和必需品。运用市场手段创造社会价值意味着商业和社会部门共同创建可持续的合作伙伴关系,以应对有广泛影响的社会问题,这一部分讲述了4个社会企业家的故事。比如,Albina Ruiz在秘鲁首都利马读大学期间,目睹了利马街道随处可见的垃圾,她感到非常反感,并创办了一家健康城市组织(NGO Ciudad Saludable),构建了基于社区的固体垃圾管理系统,垃圾管理的每一阶段都创造了一系列盈利企业和工作机会。其在改善秘鲁及其他拉美国家的卫生和健康状况上起到了越来越重要的作用。推进完整公民意味着接纳和帮助被社会边缘化的人群融入社会,这一部分讲述了4个社会企业家的故事。例如,Andreas Heinecke是德国黑暗中对话的创始人,让人们有机会在全黑的环境中,在盲人的协助下体会盲人的生活。
333    @a大众读者
500 10 @aRippling : how social entrepreneurs spread innovation throughout the world@mChinese
517 1  @a以商业思维做社会公益的18个世界经典案例@Ayi shang ye si wei zuo she hui gong yi de18ge shi jie jing dian an li
606 0  @a企业家@Aqi ye jia@x慈善事业@x案例@y世界
690    @aD57@v5
701  1 @a施瓦茨@Ashi wa ci@g(Schwartz, Beverly)@4著
702  0 @a晏和淘@Ayan he tao@4译
702  0 @a宋丽@Asong li@4译
702  0 @a邱墨楠@Aqiu mo nan@4译
801  0 @aCN@b江苏新华@c20150511
905    @aBZT@dD57@e2
    
    涟漪效应:以商业思维做社会公益的18个世界经典案例/(美) 贝弗利·施瓦茨著= Rippling:how social entrepreneurs spread innovation throughout the world/Beverly Schwartz/晏和淘, 宋丽, 邱墨楠译.-北京:中信出版社,2016
    229页;23cm
    使用对象:大众读者
    
    ISBN 978-7-5086-6347-0:CNY49.00
    用18个来自世界各地的真实故事告诉社会企业家应如何用商业思维做好公益。Rippling是泛起涟漪的意思,在这本书里它比喻那些社会企业家通过创新解决社会问题,以泛起涟漪的效应去影响和改善这个世界。本书介绍了18个社会企业家的故事,他们来自德国、印度、丹麦、美国、秘鲁等国,他们解决社会环境问题的系统变革模式被分为五大类,包括重构行业规范;改变市场活力;运用市场手段创造社会价值;推进完整公民及;培养同理心。重构行业规范意味着打破行业惯例、传统观念等,这一部分讲述了4个社会企业家的故事。比如,Pradip Kumar Sarmah是印度农村发展中心的执行主任,他察觉到人力车夫的生存状态是一个在印度被忽视的问题,他创办了人力车银行,致力于帮助数以千计的人力车夫提高社会地位,他通过帮助人力车夫获得人力车的所有权,获得银行贷款资质及保险,以帮助他们及家人走出贫困,获得更好的机会和尊重。全世界有数以亿计的人无法逃脱贫困。改变市场活力意味着为弱势群体提供获得生活用品、服务及信息的机会,提高他们的收入等,这一部分讲述了3个社会企业家的故事。比如,Greg Van Kirk通过微型寄售模式创建了一个经济安全和可持续的系统,赋权社区里的居民成为小企业主,为他们所归属的弱势群体提供服务和必需品。运用市场手段创造社会价值意味着商业和社会部门共同创建可持续的合作伙伴关系,以应对有广泛影响的社会问题,这一部分讲述了4个社会企业家的故事。比如,Albina Ruiz在秘鲁首都利马读大学期间,目睹了利马街道随处可见的垃圾,她感到非常反感,并创办了一家健康城市组织(NGO Ciudad Saludable),构建了基于社区的固体垃圾管理系统,垃圾管理的每一阶段都创造了一系列盈利企业和工作机会。其在改善秘鲁及其他拉美国家的卫生和健康状况上起到了越来越重要的作用。推进完整公民意味着接纳和帮助被社会边缘化的人群融入社会,这一部分讲述了4个社会企业家的故事。例如,Andreas Heinecke是德国黑暗中对话的创始人,让人们有机会在全黑的环境中,在盲人的协助下体会盲人的生活。
●
相关链接 在五车中查询图书 在当当中查询图书 在豆瓣中查询图书


正题名:涟漪效应     索取号:D57/2         预约/预借

序号 登录号 条形码 馆藏地/架位号 状态 备注
1 797635   2000797635   第二书库/ [索取号:D57/2] 在馆    
2 797636   2000797636   第二书库/ [索取号:D57/2] 已借出,限还日期为2021.11.20
借出人:王进博  
 
3 797637   2000797637   第二书库/ [索取号:D57/2] 在馆    
山东省滨州职业学院图书馆 欢迎您!
大连网信软件有限公司© 版权所有